00347nam a22000977a 4500008004100000082001600041100002500057245012500082260003300207300000900240230619b xxu||||| |||| 00| 0 eng d a303.64bROI cMinistry of Planning aMan : The Object of RevolutionbWhat the people's revolution has done for the masses during the past ten years 1968-1978 aIraqbRepublic of Iraqc1978 a122p